00805 2200313 4500001002100000005001500021035002000036007000300056008004100059040001700100100001300117245004200130250001200172300005300184504002900237020001800266041000800284082001000292084001600302090002100318260003700339500002300376600001400399850001000413990001700423990001700440990001700457990001700474INLIS00000000000294320260529033210 a0010-1120000021ta260529 0  aSBPUPADbind0 aSoemarso1 aAkuntansi Suatu Pengantar /cSoemarso a.-Ed.4; a477 hlm. :bilus. ;c26 cmeBibliografi, hlm 477 aBibliografi, hlm 478-481 a978-518-100-907aind a657.3 a657.3 SOE a a657.3 SOE a 22-2 a--Jakarta :bRineka Cipta,c2008 aIndeks,hlm 482-497 4aakuntansi aPUPAD a12669/H/2010 a12667/H/2010 a12666/H/2010 a12668/H/2010